000 00963cam a2200205 4500
001 ABS65200
008 020304n2002 000 0 eng u
035 _a(Sirsi) u116960
100 _aFoster Taylor, C.
245 _aFrom distress comes elation
260 _c2002
490 _aEstates Gazette
_v(0207) 16 February 2002, 112-114(3)
520 _aExplains how property loans that have gone bad can be used as an investment vehicle by institutions looking for high returns. So-called 'opportunity funds' have become popular with investors due to the practice of buying low and selling high, and quickly. However, recently,value-enhanced funds have become popular as they offer the chance to invest alongside specialist managers in sectors difficult to access on a broad basis.
590 _aABS
650 _aOPPORTUNITY FUNDS
650 _aPROPERTY LOANS
650 _aREAL ESTATE
690 _aPROPERTY MANAGEMENT-CORPORATE REAL ESTATE
942 _n0
999 _c69665
_d69665